| 000 -LEADER |
| fixed length control field |
00986cam a2200241 i 4500 |
| 003 - CONTROL NUMBER IDENTIFIER |
| control field |
OSt |
| 005 - DATE AND TIME OF LATEST TRANSACTION |
| control field |
20200317111510.0 |
| 008 - FIXED-LENGTH DATA ELEMENTS--GENERAL INFORMATION |
| fixed length control field |
180310s2018 ii a bs 001 0 eng d |
| 020 ## - INTERNATIONAL STANDARD BOOK NUMBER |
| International Standard Book Number |
9789380615424 |
| Qualifying information |
(hardback) |
| 040 ## - CATALOGING SOURCE |
| Original cataloging agency |
DKAGE |
| Language of cataloging |
eng |
| Description conventions |
rda |
| Transcribing agency |
DKAGE |
| Modifying agency |
DLC |
| 082 ## - DEWEY DECIMAL CLASSIFICATION NUMBER |
| Classification number |
923 |
| Item number |
ABH |
| 100 1# - MAIN ENTRY--PERSONAL NAME |
| Personal name |
Awasthi, Abhishek, |
| Relator term |
author. |
| 245 10 - TITLE STATEMENT |
| Title |
Environmental changes in India / |
| Statement of responsibility, etc |
Abhishek Awasthi, A.K. Singh, S.P. Singh ; in association with Ananya Institute for Development Research and Social Action, Lucknow. |
| 300 ## - PHYSICAL DESCRIPTION |
| Extent |
ix, 286 pages : |
| Other physical details |
illustrations (black and white) ; |
| Dimensions |
25 cm |
| 500 ## - GENERAL NOTE |
| General note |
Includes statistical tables. |
| 504 ## - BIBLIOGRAPHY, ETC. NOTE |
| Bibliography, etc |
Includes bibliographical references and index. |
| 650 #0 - SUBJECT ADDED ENTRY--TOPICAL TERM |
| Topical term or geographic name as entry element |
Sustainable development |
| Geographic subdivision |
India. |
| 650 #0 - SUBJECT ADDED ENTRY--TOPICAL TERM |
| Topical term or geographic name as entry element |
Climatic changes |
| Geographic subdivision |
India. |
| 700 1# - ADDED ENTRY--PERSONAL NAME |
| Personal name |
Singh, Awadhesh Kumar, |
| Relator term |
author. |
| 700 1# - ADDED ENTRY--PERSONAL NAME |
| Personal name |
Singh, S. P., |
| Dates associated with a name |
1966- |
| Relator term |
author. |
| 710 2# - ADDED ENTRY--CORPORATE NAME |
| Corporate name or jurisdiction name as entry element |
Ananya Institute for Development Research and Social Action (Lucknow, India), |
| Relator term |
associated name. |
| 942 ## - ADDED ENTRY ELEMENTS (KOHA) |
| Source of classification or shelving scheme |
|